Tiere erraten - anhand wissenschaftlichen Namens - Statistiken

Allgemein
  • Dieses Quiz wurde 115 mal gespielt
  • Das Durchschnittsergebnis liegt bei 10 aus 15
Antwortstatistiken
wissenschaftlicher Name Tier % Korrekt
Homo sapiens Mensch
96%
Panthara tigris Tiger
96%
Elephas maximus Asiatischer Elefant
93%
Panthera leo Löwe
93%
Rattus norvegicus Ratte
93%
Crocodylus porosus Salzwasserkrokodil
87%
Felis catus Hauskatze
82%
Falco peregrinus Wanderfalke
80%
Panthera pardus Leopard
72%
Equus ferus caballus Pferd
66%
Salmo salar Atlantischer Lachs
61%
Mus musculus Maus
49%
Iguana iguana Leguan
43%
Pavo cristatus Pfau
7%
Ornithorynchus anatinus Schnabeltier
3%
Keine übereinstimmenden Quizze gefunden
Verteilung der Resultate
Anzahl Personen mit jedem Resultat
Perzentil nach korrekt beantworteten Fragen
Ihre Resultats-Entwicklung
Sie haben dieses Quiz noch nicht gespielt